Normal view
MARC view
- تأليف: عطية، محمد عبد الحميد
Entry Personal Name
001 - CONTROL NUMBER
- control field: 32080
003 - CONTROL NUMBER IDENTIFIER
- control field: JO-AjAnu
005 - DATE AND TIME OF LATEST TRANSACTION
- control field: 20230606075408.0
008 - FIXED-LENGTH DATA ELEMENTS
- fixed length control field: 230606|| aca||aabn | a|a d
040 ## - CATALOGING SOURCE
- Original cataloging agency: JO-AjAnu
- Transcribing agency: JO-AjAnu
100 ## - HEADING--PERSONAL NAME
- Personal name: تأليف: عطية، محمد عبد الحميد
670 ## - SOURCE DATA FOUND
- Source citation: Work cat.: (JO-AjAnu)16478: تأليف: عطية، محمد عبد الحميد, author, الاستثمار في البورصة: سوق المال - التحليل الاساسي - التحليل الفني - ادوات التحليل المالي - مؤشرات اداء السوق - اتجاهات الاسعار - محفظة الاستثمار